Delivering exceptional project results (Record no. 350491)

000 -LEADER
fixed length control field 02481cam a2200409 a 4500
001 - CONTROL NUMBER
control field 10230364
003 - CONTROL NUMBER IDENTIFIER
control field OSt
005 - DATE AND TIME OF LATEST TRANSACTION
control field 20180116183019.0
006 - FIXED-LENGTH DATA ELEMENTS--ADDITIONAL MATERIAL CHARACTERISTICS
fixed length control field m u
007 - PHYSICAL DESCRIPTION FIXED FIELD--GENERAL INFORMATION
fixed length control field cr cn|||||||||
008 - FIXED-LENGTH DATA ELEMENTS--GENERAL INFORMATION
fixed length control field 100729s2011 flua sb 001 0 eng d
010 ## - LIBRARY OF CONGRESS CONTROL NUMBER
Canceled/invalid LC control number 2010032097
020 ## - INTERNATIONAL STANDARD BOOK NUMBER
Canceled/invalid ISBN 9781604270402 (hbk. alk. paper)
020 ## - INTERNATIONAL STANDARD BOOK NUMBER
Canceled/invalid ISBN 9788131522035
020 ## - INTERNATIONAL STANDARD BOOK NUMBER
Canceled/invalid ISBN 9781604276947 (e-book)
035 ## - SYSTEM CONTROL NUMBER
System control number (CaPaEBR)ebr10520050
035 ## - SYSTEM CONTROL NUMBER
System control number (NNC)10230364
040 ## - CATALOGING SOURCE
Original cataloging agency CaPaEBR
Transcribing agency CaPaEBR
050 14 - LIBRARY OF CONGRESS CALL NUMBER
Classification number HD69.P75
Item number M69 2011eb
082 04 - DEWEY DECIMAL CLASSIFICATION NUMBER
Classification number 658.404 MOU 2012
Edition number 22
100 1# - MAIN ENTRY--PERSONAL NAME
Personal name Moustafaev, Jamal,
Dates associated with a name 1973-
245 10 - TITLE STATEMENT
Title Delivering exceptional project results
Medium [electronic resource] :
Remainder of title a practical guide to project selection, scoping, estimation and management /
Statement of responsibility, etc. Jamal Moustafaev.
260 ## - PUBLICATION, DISTRIBUTION, ETC.
Place of publication, distribution, etc. Fort Lauderdale, Fla. :
Name of publisher, distributor, etc. J. Ross Pub.,
Date of publication, distribution, etc. c2011.
300 ## - PHYSICAL DESCRIPTION
Extent xx, 296 p. :
Other physical details ill.
440 ## - SERIES STATEMENT/ADDED ENTRY--TITLE
Title Delivering exceptional project results
504 ## - BIBLIOGRAPHY, ETC. NOTE
Bibliography, etc. note Includes bibliographical references and index.
505 0# - FORMATTED CONTENTS NOTE
Formatted contents note Introduction -- What is project management, and do you really need it? -- Things you probably didn't know about estimation -- Are we supposed to negotiate on projects? -- How and why do we write project charters? -- Kick-starting your projects--the scope definition perspective -- Defining the detailed scope : how and where do you find requirements? -- Who needs creativity in projects and how do you cultivate it? -- How do you incorporate scope definition into project management? -- How do you write a great project plan? -- How do you troubleshoot scope problems? -- Who needs walkthroughs, inspections, and peer reviews? -- Why should you manage scope and customer expectations? -- Why invest time and effort in the lessons learned document? -- How do you select the best projects? -- How and why do you need to maximize portfolio value? -- How and why do you need to balance your project mix? -- How and why do you need to link portfolio to strategy? -- How do you implement it all?.
533 ## - REPRODUCTION NOTE
Type of reproduction Electronic reproduction.
Place of reproduction Palo Alto, Calif. :
Agency responsible for reproduction ebrary,
Date of reproduction 2012.
Note about reproduction Available via World Wide Web.
-- Access may be limited to ebrary affiliated libraries.
600 ## - SUBJECT ADDED ENTRY--PERSONAL NAME
Personal name Moustafaev, Jamal,
650 #0 - SUBJECT ADDED ENTRY--TOPICAL TERM
Topical term or geographic name entry element Project management.
655 #7 - INDEX TERM--GENRE/FORM
Genre/form data or focus term Electronic books.
Source of term local
700 ## - ADDED ENTRY--PERSONAL NAME
Personal name Moustafaev, Jamal,
710 2# - ADDED ENTRY--CORPORATE NAME
Corporate name or jurisdiction name as entry element ebrary, Inc.
856 40 - ELECTRONIC LOCATION AND ACCESS
Uniform Resource Identifier <a href="http://www.columbia.edu/cgi-bin/cul/resolve?clio10230364">http://www.columbia.edu/cgi-bin/cul/resolve?clio10230364</a>
Public note Click here for full text.
942 ## - ADDED ENTRY ELEMENTS (KOHA)
Source of classification or shelving scheme
Koha item type Book
Holdings
Withdrawn status Lost status Source of classification or shelving scheme Damaged status Not for loan Collection code Permanent Location Current Location Shelving location Date acquired Total Checkouts Full call number Barcode Date last seen Price effective from Koha item type
            Central Library (CL) Central Library (CL) General Stacks 10/29/2015   658.404 MOU 2012 NBS9561 10/29/2015 10/29/2015 Book
© 2023 Central Library, National University of Sciences and Technology. All Rights Reserved.